LEADER 01325nam a2200301 4500 001 000000359818 003 CaOOAMICUS 005 20240916124418.0 008 240916s1996 it a 000 u ita r 020 $a88-7545-681-X 040 $aSeMil$bita 100 1 $aTodd, Malcolm,$d<1939-2013>.$0(OLS)http://semarc/name/120431 240 14$aThe early Germans.$0(OLS)http://semarc/title/450234 245 12$aI Germani :$bdalla tarda Repubblica romana all'epoca carolingia /$cMalcolm Todd ; traduzione di Enza Siccardi e Clara Ghibellini. 264 1$aGenova :$bECIG,$c1996. 300 $a271 p. :$bill. ;$c21 cm 490 1 $aDimensione Europa 650 4$aGermani.$0(OLS)http://semarc/subject/4314 700 1 $aGhibellini, Clara.$0(OLS)http://semarc/name/120425 700 1 $aSiccardi, Enza.$0(OLS)http://semarc/name/120426 830 0$aDimensione Europa.$0(OLS)http://semarc/title/12507 850 $aSeMil 852 $aSeMil$W1$xVenegono$y1$m3T II 93$j250806$B250869$CSeMilBibl$Z2$F250869 $81 961 $aBuzzi mons. Franco - Omaggio 996 $6020$a88-7545-681-X$9(OLS)http://semarc/number/301260 996 $6245$aI Germani :$bdalla tarda Repubblica romana all'epoca carolingia$9(OLS)http://semarc/title/450235 996 $6264$aGenova :$bECIG$9(OLS)http://semarc/publisher/32199 LEADER 00749nam a2200193 i 4500 001 000000251199 003 CaOOAMICUS 005 20250918144720.0 008 160920s1928 it u000 u ita u 013 $a230104 040 $aSeMil$bita 100 1 $aAppelius, Mario,$d<1892-1946>.$0(OLS)http://semarc/name/15299 245 10$aNel paese degli uomini nudi /$cMario Appelius. 300 $a437 p., [40] p. di tav. + 1 c. geogr. 773 0 $aAppelius, Mario <1892-1946>$tOpere di Mario Appelius.$dMilano : Alpes, [1929?]$w()33377 850 $aSeMil 852 $aSeMil$W1$xVenegono$y1$m1C I 288$j238913$B201545$CSeMilBibl$Z2$F213578 $81 996 $6245$aNel paese degli uomini nudi$9(OLS)http://semarc/title/353332